书目信息 |
| 题名: |
51系列片上系统
|
|
| 作者: | 张明 , 马涛 , 李训涛 编著 | |
| 分册: | ||
| 出版信息: | 北京 国防工业出版社 2009.01 |
|
| 页数: | 236页 | |
| 开本: | 26cm | |
| 丛书名: | 单片机从入门到精通系列丛书 | |
| 单 册: | ||
| 中图分类: | TP361.8 | |
| 科图分类: | ||
| 主题词: | 单片微型计算机--dan pian wei xing ji suan ji | |
| 电子资源: | ||
| ISBN: | 978-7-118-06080-5 | |
| 000 | 01219nam 2200301 450 | |
| 001 | 012009462078 | |
| 005 | 20091015150021.34 | |
| 010 | @a978-7-118-06080-5@dCNY28.00 | |
| 100 | @a20091015d2009 em y0chiy0120 ea | |
| 101 | 0 | @achi |
| 102 | @aCN@b110000 | |
| 105 | @aa a 000yy | |
| 106 | @ar | |
| 200 | 1 | @a51系列片上系统@A51 xi lie pian shang xi tong@eLPC900系列单片机从入门到精通@f张明, 马涛, 李训涛编著@Fzhang ming,ma tao,li xun tao bian zhu |
| 210 | @a北京@c国防工业出版社@d2009.01 | |
| 215 | @a236页@c图@d26cm | |
| 225 | 2 | @a单片机从入门到精通系列丛书@Adan pian ji cong ru men dao jing tong xi lie cong shu |
| 320 | @a有书目 (第236页) | |
| 330 | @a本书详细介绍了具有代表性的P89LPC938芯片的硬件、软件等多个方面的技术细节,使读者能用最少的硬、软件开销开发更多的、性价比更好的单片机产品。 | |
| 410 | 0 | @12001 @a单片机从入门到精通系列丛书 |
| 517 | 1 | @aLPC900系列单片机从入门到精通@ALPC900 xi lie dan pian ji cong ru men dao jing tong |
| 606 | 0 | @a单片微型计算机@Adan pian wei xing ji suan ji |
| 690 | @aTP361.8@v4 | |
| 701 | 0 | @a张明@Azhang ming@4编著 |
| 701 | 0 | @a马涛@Ama tao@4编著 |
| 701 | 0 | @a李训涛@Ali xun tao@4编著 |
| 801 | 0 | @aCN@bQSSK@c20091015 |
| 905 | @b762765-67@dTP361.8@eZ142@f3 | |
| 51系列片上系统:LPC900系列单片机从入门到精通/张明, 马涛, 李训涛编著.-北京:国防工业出版社,2009.01 |
| 236页:图;26cm.-(单片机从入门到精通系列丛书) |
| ISBN 978-7-118-06080-5:CNY28.00 |
| 本书详细介绍了具有代表性的P89LPC938芯片的硬件、软件等多个方面的技术细节,使读者能用最少的硬、软件开销开发更多的、性价比更好的单片机产品。 |
| ● |
| 相关链接 |
|
|
|
正题名:51系列片上系统
索取号:TP361.8/Z142
 
预约/预借
| 序号 | 登录号 | 条形码 | 馆藏地/架位号 | 状态 | 备注 |
| 1 | 762765 | 207627656 | 自科库301/301自科库 63排4列5层/ [索取号:TP361.8/Z142] | 在馆 | |
| 2 | 762766 | 207627665 | 自科库301/301自科库 62排3列4层/ [索取号:TP361.8/Z142] | 在馆 | |
| 3 | 762767 | 207627674 | 自科库301/301自科库 62排3列4层/ [索取号:TP361.8/Z142] | 在馆 |